000 00352 a2200169 4500
001 174325
020 _a85-262-1422-5
040 _cMagnum
100 _aSiguemoto, Regina
240 1 0 _aAi, que medo!!!
_lpor
245 1 0 _aAi, que medo!!!
300 _a16
362 0 _a1990
440 1 _aScipione
697 _aLITERATURA INFANTIL
942 _cBK
999 _c174325
_d174325